| 000 | 00547nam a22002177a 4500 | ||
|---|---|---|---|
| 003 | Nust | ||
| 005 | 20210806115258.0 | ||
| 008 | 170209b xxu||||| |||| 00| 0 eng d | ||
| 020 | _a0-19-4799003 | ||
| 038 | _akhadija | ||
| 040 | _cc | ||
| 082 |
_a420.03 _bOXF |
||
| 100 |
_aTurnbull, Joanna _933255 |
||
| 245 |
_aOxforfd Advanced Learner's Dictionary / _cJoanna Turnbull |
||
| 250 | _a8th ed. | ||
| 260 |
_aNew York : _bOxford, _c2010. |
||
| 300 |
_a(i-v) p. ; _c24 cm. |
||
| 500 | _aPaperback. | ||
| 563 | _apaper back | ||
| 942 |
_cBK _2ddc |
||
| 999 |
_c32273 _d32273 |
||